| 000 | 01045cam a2200217 4500 | ||
|---|---|---|---|
| 001 | WB@3612-145 | ||
| 008 | 041109n2004 000 0 eng u | ||
| 035 | _a(Sirsi) u127925 | ||
| 245 | _aProperty lending market recovering? | ||
| 260 | _c2004 | ||
| 490 |
_aProperty Week _v69(45) 5 November 2004, 20 (1) |
||
| 520 | _aThe latest quarterly Kingfisher/Property Week index, which measures the amount that could be borrowed or lent in relation to investment yields and interest rates, has fallen for four successive quarters from a record high of 139% in June 2003. It fell to 111% at the end of 2003 and then to 95% in Summer 2004, but has begun to stabilise and came back up to 99% at the end of September 2004; this is partly due to the threat of higher interest rates receding. The index is predicted to remain steady. | ||
| 590 | _aWB | ||
| 590 | _aWB | ||
| 650 | _aPROPERTY LENDING | ||
| 650 | _aPROPERTY YIELDS | ||
| 650 | _aPROPERTY MARKET | ||
| 650 | _aINVESTMENT | ||
| 690 | _aCOMMERCIAL PROPERTY-INVESTMENT | ||
| 942 | _n0 | ||
| 999 |
_c118281 _d118281 |
||